zpět

Detail výsledku týmu

Bledý Úsvit, Český Těšín

Datum a čas kvízu

30.5 Celkem bodů Celkový počet nahraných bodů na tomto kvízu bez doplňovacích otázek.
5. Pořadí na kvízu Konečné umístění týmu na tomto kvízu.

Zaznamenané odpovědi

# Otázka Odpověď Body Výsledky
1. V minulém týdnu objevil na Pál... C) houby 0
2. Minulý týden jsme se dozvěděli... Roland 1
3. V lednu oslaví 80. narozeniny... Rod Stewart 0
4. Na ostravském festivalu tanečn... o dámské pisoáry 1
5. Biniam Girmay je teprve třetím... z Eritrey 1
6. Téma začneme u českého filmu,... (Jaroslav a Dana) Stodolovi 1
7. Ve filmu V hlavě z roku 2015 j... A) úzkost 1
8. Už 4. října se v kinech předst... Lady Gaga 1
9. Premiéru má každý rok velké mn... C 1
10. V roce 2024 přišlo do kin rovn... Frank Herbert, Spasitel Duny 0.5